000 00457cam a2200181ua 4500
020 _c15.00
041 _aeng
_h
082 _a532.001
_bPRI/FU
100 _aPriyani, V B .
245 _aFundamental principles of hydraulics, Vol 2 /
_cV B Priyani.
_hTextual Documents
250 _a2 /
_b.
260 _aNew Delhi :
_bCharotar book stall ,
_c1963.
300 _a533 ; .
365 _a15.00
504 _a
942 _cBK
999 _c7391
_d7391